Курорт Тинаки и Тинанское грязевое озеро : (Record no. 487011)
[ view plain ]
| 000 -LEADER | |
|---|---|
| fixed length control field | 01338nam a2200229 a 4500 |
| 001 - CONTROL NUMBER | |
| control field | 000868280 |
| 003 - CONTROL NUMBER IDENTIFIER | |
| control field | AM-YeHGA |
| 005 - DATE AND TIME OF LATEST TRANSACTION | |
| control field | 20250617162313.0 |
| 008 - FIXED-LENGTH DATA ELEMENTS--GENERAL INFORMATION | |
| fixed length control field | 120217s1957 ||||||||||||||||||||rus d |
| 040 ## - CATALOGING SOURCE | |
| Original cataloging agency | AM-YeHGA |
| 041 0# - LANGUAGE CODE | |
| Language code of text/sound track or separate title | rus |
| 090 ## - LOCALLY ASSIGNED LC-TYPE CALL NUMBER (OCLC); LOCAL CALL NUMBER (RLIN) | |
| -- | 490380 |
| 245 00 - TITLE STATEMENT | |
| Title | Курорт Тинаки и Тинанское грязевое озеро : |
| Remainder of title | Сборник / |
| Statement of responsibility, etc. | МЗ РСФСР, Астраханский гос. мед. ин-т им. А.В. Луначарского. |
| 260 ## - PUBLICATION, DISTRIBUTION, ETC. | |
| Place of publication, distribution, etc. | Астрахань : |
| Name of publisher, distributor, etc. | Изд-во газ. "Волга", |
| Date of publication, distribution, etc. | 1957. |
| 300 ## - PHYSICAL DESCRIPTION | |
| Extent | вып. |
| 505 10 - FORMATTED CONTENTS NOTE | |
| Miscellaneous information | Вып. 1 (74 с.) : |
| Title | Курорт Тинаки (Краткий очерк истории возникновения, развития и современного состояния); Обзор научных исследований по изучению Тинанского озера / |
| Statement of responsibility | Редкол. С.В. Захаров |
| Miscellaneous information | Вып. 3 (1958, 103 с.) |
| 650 14 - SUBJECT ADDED ENTRY--TOPICAL TERM | |
| Topical term or geographic name entry element | Курортотерапия |
| 650 14 - SUBJECT ADDED ENTRY--TOPICAL TERM | |
| Topical term or geographic name entry element | Курорт Тинаки |
| 650 14 - SUBJECT ADDED ENTRY--TOPICAL TERM | |
| Topical term or geographic name entry element | Лечебные грязи Тинанского озера |
| 710 2# - ADDED ENTRY--CORPORATE NAME | |
| Corporate name or jurisdiction name as entry element | Министерство здравоохранения РСФСР |
| 710 2# - ADDED ENTRY--CORPORATE NAME | |
| Corporate name or jurisdiction name as entry element | Астраханский государственный медицинский институт им. А.В. Луначарского |
| Withdrawn status | Lost status | Source of classification or shelving scheme | Damaged status | Not for loan | Collection | Home library | Current library | Date acquired | Total checkouts | Full call number | Barcode | Date last seen | Price effective from | Koha item type | Public note |
|---|---|---|---|---|---|---|---|---|---|---|---|---|---|---|---|
| Universal Decimal Classification | General | Fundamental Scientific Library | Fundamental Scientific Library | 08/02/2019 | РД II/39158 | FL0547710 | 08/02/2019 | 08/02/2019 | Գրքեր / Books | 30 Days Load |
ՀՀ Գիտությունների ազգային ակադեմիայի հիմնարար գիտական գրադարան = Fundamental Scientific Library of NAS RA
All site content, except where otherwise noted, is licensed under a